| Tag |
First Indicator |
Second Indicator |
Subfields |
| LEADER |
00000cam a2200000Ia 4500 |
| 001 |
in00002370013 |
| 005 |
20210803091001.0 |
| 006 |
m d |
| 007 |
cr cn||||||||| |
| 008 |
071221s2007 gw a sb 000 0 eng d |
| 020 |
|
|
|a 3540464980
|
| 020 |
|
|
|a 9783540464983
|
| 029 |
1 |
|
|a AU@
|b 000042133603
|
| 035 |
|
|
|a (OCoLC)184984664
|
| 035 |
|
|
|a (OCoLC)ocn184984664
|
| 037 |
|
|
|a 978-3-540-46497-6
|b Springer
|n http://www.springerlink.com
|
| 040 |
|
|
|a GW5XE
|c GW5XE
|d GW5XE
|d UtOrBLW
|
| 049 |
|
|
|a TEFA
|
| 050 |
1 |
4 |
|a HG1601
|b .N49 2007eb
|
| 072 |
|
7 |
|a HG
|2 lcco
|
| 082 |
0 |
4 |
|a 332.1/7
|2 22
|
| 245 |
0 |
0 |
|a New frontiers in banking services :
|b emerging needs and tailored products for untapped markets /
|c Luisa Anderloni, Maria Debora Braga, Emanuele Maria Carluccio (editors).
|
| 264 |
|
1 |
|a Berlin ;
|a New York :
|b Springer,
|c 2007.
|
| 300 |
|
|
|a xii, 375 pages :
|b illustrations ;
|c 24 cm.
|
| 336 |
|
|
|a text
|b txt
|2 rdacontent
|
| 337 |
|
|
|a computer
|b c
|2 rdamedia
|
| 338 |
|
|
|a online resource
|b cr
|2 rdacarrier
|
| 500 |
|
|
|a Electronic resource.
|
| 504 |
|
|
|a Includes bibliographical references.
|
| 533 |
|
|
|a Electronic reproduction.
|b New York :
|c Springer,
|d 2007.
|n Mode of access: World Wide Web.
|n System requirements: Web browser.
|n Title from title screen (viewed on Dec. 20, 2007).
|n Access may be restricted to users at subscribing institutions.
|
| 650 |
|
0 |
|a Banks and banking.
|0 http://id.loc.gov/authorities/subjects/sh85011609
|
| 650 |
|
0 |
|a Financial services industry.
|0 http://id.loc.gov/authorities/subjects/sh88000615
|
| 650 |
|
0 |
|a Low-income consumers.
|0 http://id.loc.gov/authorities/subjects/sh85104851
|
| 655 |
|
7 |
|a Electronic books.
|2 local
|
| 700 |
1 |
|
|a Anderloni, Luisa.
|0 http://id.loc.gov/authorities/names/n87904435
|
| 700 |
1 |
|
|a Braga, Maria Debora.
|0 http://id.loc.gov/authorities/names/n2007006887
|
| 700 |
1 |
|
|a Carluccio, Emanuele Maria.
|0 http://id.loc.gov/authorities/names/n2002089668
|
| 710 |
2 |
|
|a SpringerLink (Online service)
|0 http://id.loc.gov/authorities/names/no2005046756
|
| 776 |
1 |
|
|c Original
|z 9783540464976
|z 3540464972
|w (DLC) 2006935542
|w (OCoLC)77077773
|
| 856 |
4 |
0 |
|u http://proxy.library.tamu.edu/login?url=https://dx.doi.org/10.1007/978-3-540-46498-3
|z Connect to the full text of this electronic book
|t 0
|
| 994 |
|
|
|a C0
|b TEF
|
| 999 |
|
|
|a MARS
|
| 999 |
f |
f |
|s 595475df-96a8-3afb-89b5-7b2d3af3902d
|i 834d95d5-b0d7-3f0b-b5b6-7e0512516a91
|t 0
|
| 952 |
f |
f |
|a Texas A&M University
|b College Station
|c Electronic Resources
|d Available Online
|t 0
|e HG1601 .N49 2007eb
|h Library of Congress classification
|
| 998 |
f |
f |
|a HG1601 .N49 2007eb
|t 0
|l Available Online
|